[Event "ch-CYP 2013"]
[Site "Nikosia/Larnaca/Limassol CYP"]
[Date "2013.10.12"]
[Round "7"]
[White "Savva,P"]
[Black "Constantinou,Pa"]
[Result "1/2-1/2"]
[WhiteElo "2033"]
[BlackElo "2062"]

1.d4 Nf6 2.c4 e6 3.Nc3 Bb4 4.Qc2 O-O 5.a3 Bxc3+ 6.Qxc3 Qe8 7.Nf3 d6 8.b3 a5
9.g3 a4 10.b4 b5 11.Bg2 Ra7 12.O-O bxc4 13.Qxc4 Ba6 14.Qc2 Qb5 15.Re1 Nbd7  1/2-1/2

[Event "3rd Central Asia Cup"]
[Site "Dushanbe TJK"]
[Date "2013.10.15"]
[Round "4.2"]
[White "Vakhidov,J"]
[Black "Kazhgaleyev,M"]
[Result "1-0"]
[WhiteElo "2423"]
[BlackElo "2576"]

1.d4 Nf6 2.c4 e6 3.Nc3 Bb4 4.Qc2 O-O 5.Nf3 d6 6.Bd2 Nbd7 7.a3 Bxc3 8.Bxc3 b6
9.e3 Bb7 10.Bd3 Qe7 11.O-O e5 12.Nd2 Rfe8 13.Rae1 a5 14.b4 axb4 15.axb4 exd4
16.exd4 Qxe1 17.Rxe1 Rxe1+ 18.Nf1 Ree8 19.f3 h6 20.Ng3 Ra3 21.h4 Rea8 22.Bb2 Ra2
23.Qd2 d5 24.Nf5 Nf8 25.cxd5 Ng6 26.Bc4 R2a7 27.h5 Nxh5 28.d6 cxd6 29.Nxd6 Nhf4
30.Bxf7+ Kh7 31.d5 Rd8 32.Nb5 Raa8 33.Bxg6+ Nxg6 34.Qd4 Rd7 35.Nd6 Rad8 36.Nc4 b5
37.Ne3 Rf7 38.Qd3 Rfd7 39.Qd4 Rf7 40.Kh2 Nf4 41.Qe4+ Ng6 42.Qd3 Rfd7 43.Qc3 Rc8
44.Qd3 Rcd8 45.f4 Bxd5 46.f5 Nf8 47.f6+ g6 48.f7 Bxf7 49.Qc3 Ne6 50.Ng4 Rd4
51.Qf3 Ng5 52.Qf6 R8d6 53.Qe5  1-0

[Event "12th Istanbul Open A 2013"]
[Site "Istanbul TUR"]
[Date "2013.10.16"]
[Round "6.16"]
[White "Ozen,Bahadir"]
[Black "Arda,Cagil Irmak"]
[Result "1-0"]
[WhiteElo "1942"]
[BlackElo "1746"]

1.d4 Nf6 2.c4 e6 3.Nc3 Bb4 4.Qc2 O-O 5.a3 Bxc3+ 6.Qxc3 Ne4 7.Qc2 f5 8.Nh3 d6
9.g3 Bd7 10.Bg2 Bc6 11.Nf4 Re8 12.d5 exd5 13.cxd5 Bd7 14.O-O c6 15.Rd1 Na6
16.dxc6 Bxc6 17.b4 Nc7 18.f3 Nf6 19.Qxf5 Re5 20.Qd3 Ncd5 21.e4 Ba4 22.Bb2 Nxf4
23.gxf4 Rh5 24.Rd2 Ne8 25.Bf1 Rc8 26.Qd4 Rc7 27.Rg2 Bb3 28.Rc1 Qe7 29.Rxc7 Qxc7
30.f5 Rh6 31.Bb5 Nf6 32.Qe3 Kf8 33.Qxa7 Qc8 34.Qe3 Bf7 35.Qg5  1-0

[Event "12th Istanbul Open A 2013"]
[Site "Istanbul TUR"]
[Date "2013.10.17"]
[Round "8.10"]
[White "Deniz,Mahir"]
[Black "Sivri,G"]
[Result "1/2-1/2"]
[WhiteElo "1976"]
[BlackElo "2197"]

1.d4 Nf6 2.c4 e6 3.Nc3 Bb4 4.Qc2 O-O 5.a3 Bxc3+ 6.Qxc3 b6 7.Nf3 Ne4 8.Qc2 Bb7
9.e3 f5 10.Bd3 d6 11.O-O Rf6 12.Nd2 Rh6 13.f3 Nxd2 14.Qxd2 Nd7 15.Qf2 Rf6
16.Bd2 Qe7 17.Bc3 e5 18.dxe5 Nxe5 19.Be2 Rff8 20.Rfe1 Rae8 21.b3 Qf7 22.Rac1 Re7
23.Rcd1 Kh8 24.Bd3 Qh5 25.Be2 Qg6 26.Kh1 Qe8 27.Rd2 Ng6 28.Bd1 f4 29.Rde2 fxe3
30.Rxe3 Rxe3 31.Qxe3 Qxe3 32.Rxe3 Bc6 33.Bc2 Re8 34.Rxe8+ Bxe8 35.Kg1 Kg8
36.Kf2 a5 37.Ke3 Kf7 38.Bxg6+ Kxg6 39.Ke4  1/2-1/2

[Event "TCh-CZE Zapad 2013-14"]
[Site "Czech Rep CZE"]
[Date "2013.10.20"]
[Round "1.7"]
[White "Fric,P"]
[Black "Jurasek,M"]
[Result "0-1"]
[WhiteElo "2031"]
[BlackElo "2260"]

1.d4 Nf6 2.c4 e6 3.Nc3 Bb4 4.Qc2 O-O 5.Nf3 b6 6.e4 d6 7.Bg5 h6 8.Bh4 e5 9.Bd3 Nbd7
10.O-O Bxc3 11.Qxc3 Qe7 12.Rfe1 Re8 13.Rad1 Nf8 14.dxe5 dxe5 15.Bc2 c6 16.Ba4 Bb7
17.h3 a6 18.b4 a5 19.c5 axb4 20.Qxb4 g5 21.Bg3 N6d7 22.Bb3 Ra5 23.Qd2 Nxc5
24.Re3 Ng6 25.Ne1 Raa8 26.Qb2 Rad8 27.Rb1 b5 28.Rc1 Nxb3 29.Qxb3 Qe6 30.Qb2 Nf4
31.a4 Ba6 32.axb5 Bxb5 33.Kh2 f6 34.Ra1 Nd3 35.Nxd3 Bxd3 36.Ra7 Bb5 37.f3 Re7
38.Rea3 Red7 39.Rxd7 Qxd7 40.Bf2 Bc4 41.Qc3 Bf7 42.Bb6 Rb8 43.Ra7 Qe6 44.Qa5 Kg7
45.Qc5 Kg6 46.Rc7 Rc8 47.Re7 Qb3 48.Qd6 Re8 49.Bc5 Rxe7 50.Qxe7 h5 51.Qd6 Qb7
52.Qf8 Qd7 53.Qh8 Be6 54.Bf8 Qh7 55.Qxh7+ Kxh7 56.g3 Bb3 57.Kg2 Kg6 58.Kf2 Bd1
59.Ke3 Bb3 60.Bd6 Kf7 61.f4 exf4+ 62.gxf4 Be6 63.fxg5 fxg5 64.h4 gxh4 65.Kf2 Bg4
66.Ba3 h3 67.Kg3 Ke6 68.Bb2 c5 69.Kh2 c4 70.Bc3 Kd6 71.Kg1 Kc5 72.Kf2 Kb5
73.Be5 Kb4 74.Ke1 c3 75.Bf4 Kc4 76.e5 Kd3 77.Bh2  0-1

[Event "3rd Central Asia Cup"]
[Site "Dushanbe TJK"]
[Date "2013.10.20"]
[Round "9.14"]
[White "Ismailov,Timur"]
[Black "Saydaliev,Saidakbar"]
[Result "1-0"]
[WhiteElo "2027"]
[BlackElo "2024"]

1.d4 Nf6 2.c4 e6 3.Nc3 Bb4 4.Qc2 O-O 5.Bg5 h6 6.Bh4 d5 7.e3 b6 8.Nf3 Bb7
9.cxd5 exd5 10.Bd3 Nbd7 11.O-O Be7 12.Bf5 a6 13.Rfd1 Nh5 14.Bxe7 Qxe7 15.Ne2 c6
16.Rac1 Nhf6 17.Ng3 g6 18.Bxg6 fxg6 19.Qxg6+ Qg7 20.Qxg7+ Kxg7 21.Nf5+ Kh7
22.Nd6 Rab8 23.Nxb7 Rxb7 24.Rxc6 Ne4 25.Rdc1 Rf7 26.R6c2 Rb8 27.Ne1 Rg8 28.f3 Ng5
29.Kf1 Re8 30.h4 Ne4 31.Kg1 Ng3 32.Rc7 Nf5 33.Nc2 a5 34.h5 Ng3 35.Kf2 Nxh5
36.Na3 Nhf6 37.Ke2 Rfe7 38.R1c3 Rg8 39.g4 h5 40.gxh5 Rg2+ 41.Kd3 Nc5+ 42.R3xc5 Rxc7
43.Rxc7+ Kg8 44.Rb7 Rxb2 45.Nc2 Nxh5 46.Kc3 Rb1 47.e4 Nf4 48.Ne3 Ne2+ 49.Kd3 Nf4+
50.Kc2 Rb5 51.exd5 Nxd5 52.Nxd5 Rxd5 53.Kd3 Rb5 54.Ke4 Kf8 55.f4 Rb2 56.a4 Rb4
57.Ke5 Rxa4 58.Rxb6 Ra1 59.f5 Re1+ 60.Kf6 Ke8 61.Ra6 Re4 62.d5 a4 63.Ra7 Kd8
64.Kg6 Rg4+ 65.Kf7 Rh4 66.Ke6 Re4+ 67.Kf7 Re5 68.f6 Rxd5 69.Rxa4 Rd1 70.Kf8 Rf1
71.Rd4+ Kc7 72.f7 Rg1 73.Ke7 Re1+ 74.Kf6 Rf1+ 75.Kg6 Rg1+ 76.Kf5 Rf1+ 77.Rf4 Rd1
78.f8=Q Rd7 79.Rc4+ Kb6 80.Qc5+  1-0

[Event "14th Liberec Open"]
[Site "Liberec CZE"]
[Date "2013.10.29"]
[Round "5.27"]
[White "Jina,L"]
[Black "Baraniuk,Andrej"]
[Result "1-0"]
[WhiteElo "1781"]
[BlackElo "1673"]

1.d4 Nf6 2.c4 e6 3.Nc3 Bb4 4.Qc2 O-O 5.a3 Be7 6.Nf3 d5 7.e3 b6 8.cxd5 exd5
9.Be2 Bb7 10.O-O Nbd7 11.b3 Re8 12.Bb2 Nf8 13.Rac1 c6 14.b4 a6 15.Bd3 Ne6
16.Ne2 g6 17.h3 Bf8 18.Ne5 Rc8 19.Ng3 Bg7 20.Qe2 b5 21.Bb1 Nd7 22.Nxd7 Qxd7
23.Qd3 Ng5 24.Rc2 Ne4 25.Ne2 Re7 26.Bc1 Rce8 27.Ra2 Bh6 28.Qd1 Nd6 29.Nc3 Bc8
30.Qf3 Nc4 31.Bd3 Nxe3 32.fxe3 Bxe3+ 33.Bxe3 Rxe3 34.Qd1 Qe7 35.Re2 Qg5 36.Rxe3 Qxe3+
37.Kh2 Qxd4 38.Qf3 Qe5+ 39.Qf4 Qxf4+ 40.Rxf4 Re3 41.Rf3 Rxf3 42.gxf3 Kg7
43.Kg3 Kf6 44.f4 h6 45.h4 h5 46.Ne2 Ke6 47.Nd4+ Kd6 48.Nb3 Ke6 49.Nd4+ Kd6
50.f5 c5 51.fxg6 fxg6 52.bxc5+ Kxc5 53.Nb3+ Kd6 54.Bxg6 Bg4 55.Kf4 Bd1 56.Nd4 Kc5
57.Ne6+ Kc4 58.Ng7 d4 59.Bxh5 Bxh5 60.Nxh5 d3 61.Ng3 d2 62.Nf1 d1=Q 63.Ne3+ Kb3
64.Nxd1 Kxa3 65.h5 b4 66.h6 Kb3 67.Ke3 Kc2 68.Ke2 b3 69.h7 b2 70.h8=Q b1=Q
71.Qc3+  1-0

[Event "3rd Panama Open"]
[Site "Panama City PAN"]
[Date "2013.10.30"]
[Round "1.11"]
[White "Chinchilla,E"]
[Black "Hevia,A"]
[Result "0-1"]
[WhiteElo "2191"]
[BlackElo "2512"]

1.d4 Nf6 2.c4 e6 3.Nc3 Bb4 4.Qc2 O-O 5.a3 Bxc3+ 6.Qxc3 b6 7.Bg5 Bb7 8.e3 d6
9.Ne2 Nbd7 10.Qc2 h6 11.Bh4 c5 12.Rd1 Qc7 13.Nc3 a6 14.Qd2 d5 15.Bg3 Qc6
16.cxd5 exd5 17.Be2 b5 18.f3 c4 19.O-O Rfe8 20.e4 dxe4 21.fxe4 Qb6 22.Qf4 Bxe4
23.Nxe4 Rxe4 24.Qf2 Rae8 25.Bf3 Re3 26.h3 a5 27.Bf4 R3e7 28.Qg3 Ne4 29.Qh2 Ndf6
30.Kh1 c3 31.g4 cxb2 32.Qxb2 Nd5 33.Be5 Rxe5 34.dxe5 Ng3+ 35.Kh2 Nxf1+ 36.Rxf1 Ne3
37.Re1 Nc4 38.Qc3 b4 39.axb4 axb4 40.Qxc4 Qf2+ 41.Bg2 Qxe1  0-1

[Event "80th ch-BRA S/F 1 2013"]
[Site "Rio de Janeiro BRA"]
[Date "2013.11.01"]
[Round "2.1"]
[White "Leitao,R"]
[Black "Aranha Filho,A"]
[Result "1-0"]
[WhiteElo "2632"]
[BlackElo "2232"]

1.d4 Nf6 2.c4 e6 3.Nc3 Bb4 4.Qc2 O-O 5.Nf3 d5 6.Bg5 Nbd7 7.e3 c5 8.cxd5 exd5
9.Bd3 Qa5 10.O-O c4 11.Bf5 g6 12.Bxd7 Nxd7 13.e4 Nb6 14.e5 Re8 15.Nh4 Nd7
16.f4 Nf8 17.f5 Qb6 18.Qf2 Bxc3 19.fxg6  1-0

[Event "3rd Panama Open"]
[Site "Panama City PAN"]
[Date "2013.11.02"]
[Round "3.39"]
[White "Brizuela,Ronald"]
[Black "Sanchez,German Alexander"]
[Result "1-0"]
[WhiteElo "2212"]
[BlackElo "2064"]

1.d4 Nf6 2.c4 e6 3.Nc3 Bb4 4.Qc2 O-O 5.Nf3 b6 6.e4 d5 7.e5 Ne4 8.Bd3 Bb7
9.O-O Bxc3 10.bxc3 Nd7 11.cxd5 exd5 12.Bxe4 dxe4 13.Ng5 c5 14.Nxe4 cxd4 15.cxd4 Rc8
16.Qe2 Nxe5 17.dxe5 Qd4 18.Ba3 Bxe4 19.Bxf8 Rc2 20.Qg4 Kxf8 21.Rad1 Qxe5
22.Rd8+ Ke7 23.Qd7+ Kf6 24.Re8 Qd5 25.Qe7+ Kf5 26.f3 Qd4+ 27.Kh1 Bd5 28.Qd6 f6
29.Re4 Rd2 30.Qd7+ Kg6 31.Rg4+ Kh5 32.Qf5+  1-0

[Event "TCh-CZE Extraliga 2013-14"]
[Site "Karvina CZE"]
[Date "2013.11.03"]
[Round "2.7"]
[White "Michenka,J"]
[Black "Olsar,J"]
[Result "1-0"]
[WhiteElo "2371"]
[BlackElo "2295"]

1.d4 Nf6 2.c4 e6 3.Nc3 Bb4 4.Qc2 O-O 5.a3 Bxc3+ 6.Qxc3 b6 7.Nf3 Bb7 8.g3 Ne4
9.Qc2 f5 10.Bg2 Nf6 11.O-O Be4 12.Qc3 Qe8 13.b4 d6 14.Rd1 Nbd7 15.Bf1 Bb7
16.Ng5 Ne4 17.Nxe4 fxe4 18.Bg2 Qh5 19.Qe3 Qf5 20.Rf1 Rf7 21.Bd2 Raf8 22.Rae1 Nf6
23.f3 exf3 24.exf3 Re8 25.Bc3 h6 26.Rf2 Nd7 27.Bf1 Rff8 28.Bd3 Qh5 29.Ref1 e5
30.c5 dxc5 31.dxc5 Bd5 32.Be4 Nf6 33.Qd3 Bxe4 34.fxe4 Qf7 35.cxb6 cxb6 36.Qb5 Qe6
37.Rf5 Nxe4 38.Rxe5 Rxf1+ 39.Qxf1 Qc6 40.b5 Qa8 41.Qc4+ Kh8 42.Qc6 Nf6 43.Rxe8+ Qxe8
44.Qxe8+ Nxe8 45.Be5 Nf6 46.Bxf6 gxf6 47.Kf2 Kg7 48.Ke3 Kg6 49.Ke4 Kg5 50.Kd5 h5
51.Kc6 h4 52.Kb7 Kg4 53.Kxa7 h3 54.Kxb6 Kf3 55.Kc5 Kg2 56.b6 Kxh2 57.b7 Kg1
58.b8=Q h2 59.g4  1-0

[Event "TCh-CZE Extraliga 2013-14"]
[Site "Lysa nad Labem CZE"]
[Date "2013.11.03"]
[Round "2.2"]
[White "Stocek,J"]
[Black "Azarov,S"]
[Result "1/2-1/2"]
[WhiteElo "2543"]
[BlackElo "2616"]

1.d4 Nf6 2.c4 e6 3.Nc3 Bb4 4.Qc2 O-O 5.Nf3 d5 6.Bg5 dxc4 7.e3 b5 8.a4 c6
9.Nd2 Nbd7 10.axb5 cxb5 11.Nxb5 Bb7 12.Nc3 e5 13.d5 Bxc3 14.bxc3 Bxd5 15.e4 Be6
16.Bxc4 Bxc4 17.Nxc4 Qc7 18.Na5 h6 19.Bxf6 Nxf6 20.O-O Rfc8 21.Rfc1 Rab8
22.c4 Nd7 23.Nb3 Nc5 24.Rab1 Rb6  1/2-1/2

[Event "TCh-CZE Extraliga 2013-14"]
[Site "Novy Bor CZE"]
[Date "2013.11.03"]
[Round "2.5"]
[White "Svoboda,V2"]
[Black "Bartel,Mat"]
[Result "1/2-1/2"]
[WhiteElo "2428"]
[BlackElo "2626"]

1.d4 Nf6 2.c4 e6 3.Nc3 Bb4 4.Qc2 O-O 5.e4 d6 6.e5 dxe5 7.dxe5 Nfd7 8.Nf3 Nc6
9.Bf4 f5 10.exf6 e5 11.Be3 Nxf6 12.Rd1 Qe8 13.a3 Nd4 14.Bxd4 exd4+ 15.Be2 Bxc3+
16.bxc3 dxc3 17.O-O Bf5 18.Bd3 Bg4 19.Rde1 Qd7 20.Ne5 Qd4 21.Nxg4 Qxg4 22.Qxc3 Rae8
23.c5 Kh8 24.h3 Qg5 25.Bb1 c6 26.Qb4 Nh5 27.Rxe8 Rxe8 28.Qxb7 Qxc5 29.Be4 Qxa3
30.Qxc6 Nf6 31.Bf3 Qb4 32.Qa6 Qc5 33.Rd1 h6 34.Ra1 Qd4 35.Rd1 Qc5 36.Ra1 Re7
37.Rd1 Rd7 38.Rxd7 Nxd7 39.Qb7 Nf6 40.Qb8+ Kh7 41.Qb1+ Kg8 42.Qb8+ Kf7 43.Qb7+ Kg6
44.Be4+ Nxe4 45.Qxe4+ Kf6 46.Qf4+ Ke7 47.Qg3 g5 48.Qd3 a5 49.Qh7+ Kd8 50.Qxh6 a4
51.h4 Qc1+ 52.Kh2 Qf4+ 53.Kg1 Qc1+ 54.Kh2 Qf4+  1/2-1/2

[Event "3rd Panama Open"]
[Site "Panama City PAN"]
[Date "2013.11.04"]
[Round "8.13"]
[White "Brizuela,Ronald"]
[Black "Hevia,A"]
[Result "1/2-1/2"]
[WhiteElo "2212"]
[BlackElo "2512"]

1.d4 Nf6 2.c4 e6 3.Nc3 Bb4 4.Qc2 O-O 5.Nf3 d5 6.cxd5 exd5 7.Bg5 h6 8.Bh4 c5
9.e3 Nc6 10.dxc5 Bg4 11.Be2 d4 12.Rd1 Bxf3 13.Bxf3 Qe7 14.Bxc6 dxc3 15.bxc3 Qxc5
16.Bxf6 gxf6 17.Be4 Bxc3+ 18.Ke2 Rfe8 19.Rd5 Qc4+ 20.Kf3 Rac8 21.Rhd1 Qb4
22.Rd7 Be5 23.Qb3 Qxb3 24.axb3 Kf8 25.Rxb7 Rc7 26.Rd7 Rxb7 27.Rxb7 Re7 28.Rb5 Bc7
29.h4 Bb6 30.Rd5 Re8 31.Rd2 Rd8 32.Rc2 Kg7 33.h5 Re8 34.Rc4 Re5 35.g4 Re8
36.Rc3 Rd8 37.Ke2 Ba5 38.Rc2 Bb6 39.Rc6 Rd7 40.Rc4 Ba5 41.Bd3 Bb6 42.Kd2 Rc7
43.Rf4 Ba5+ 44.Kd1 Bb6 45.Rf5 Rc5 46.Rf4 Rc7 47.Re4 Kf8 48.Bb5 Re7 49.Rf4 Kg7
50.Kc2 Re5 51.Bc4 Re8 52.Kc3 Ba5+ 53.Kd4 Bc7 54.Rf5 Re5 55.Rf4 Rg5 56.Re4 Re5
57.Bd5 Bb6+ 58.Kc4 Rxe4+ 59.Bxe4 Kf8 60.Kd5 Ke7 61.Bd3 Ba5 62.Bc4 Be1 63.f3 Bd2
64.Ke4 Bc1 65.f4 Kf8 66.Bd5 Kg7 67.Kf3 Kf8 68.e4 Bb2 69.g5 fxg5 70.fxg5 hxg5
71.Kg4 Kg7 72.Kxg5 f6+ 73.Kf4 Kh6  1/2-1/2

[Event "TCh-CZE Zapad 2013-14"]
[Site "Czech Rep CZE"]
[Date "2013.11.10"]
[Round "2.7"]
[White "Blazek,Ji1"]
[Black "Cmiko,J"]
[Result "1/2-1/2"]
[WhiteElo "2171"]
[BlackElo "2068"]

1.d4 Nf6 2.c4 e6 3.Nc3 Bb4 4.Qc2 O-O 5.a3 Bxc3+ 6.Qxc3 b6 7.Nf3 Bb7 8.e3 d6
9.Bd3 Nbd7 10.b4 e5 11.dxe5 dxe5 12.Bf5 Re8 13.Bb2 e4 14.Bxd7 Qxd7 15.Ne5 Qe6
16.h3 Red8 17.O-O Ne8 18.Rfd1 f6 19.Ng4 Rd7 20.Rxd7 Qxd7 21.Qd4 Rd8 22.Rd1 Qd6
23.c5 Qd5 24.Nh2  1/2-1/2

[Event "Leuven Open 2013"]
[Site "Leuven BEL"]
[Date "2013.11.10"]
[Round "4.2"]
[White "Bomans,A"]
[Black "Geirnaert,S"]
[Result "1/2-1/2"]
[WhiteElo "2197"]
[BlackElo "2410"]

1.d4 Nf6 2.c4 e6 3.Nc3 Bb4 4.Qc2 O-O 5.a3 Bxc3+ 6.Qxc3 Qe8 7.f3 d6 8.e4 e5
9.Be3 Nbd7 10.Ne2 a5 11.dxe5 dxe5 12.Ng3  1/2-1/2

[Event "Leuven Open 2013"]
[Site "Leuven BEL"]
[Date "2013.11.10"]
[Round "5.6"]
[White "Stuer,M"]
[Black "Sarrau,J"]
[Result "1/2-1/2"]
[WhiteElo "2084"]
[BlackElo "2306"]

1.d4 Nf6 2.c4 e6 3.Nc3 Bb4 4.Qc2 O-O 5.a3 Bxc3+ 6.Qxc3 d5 7.Bg5 c5 8.cxd5 cxd4
9.Qxd4 Nc6 10.Qd2 Qxd5 11.Qxd5 Nxd5 12.e4 Nb6 13.Nf3 e5 14.Bb5 f6 15.Be3 Be6
16.Rc1 Rac8 17.O-O Rfd8  1/2-1/2

[Event "23rd World Seniors 2013"]
[Site "Opatija CRO"]
[Date "2013.11.13"]
[Round "2.67"]
[White "Diaz Franco,F"]
[Black "Hutchinson,N"]
[Result "1/2-1/2"]
[WhiteElo "1966"]
[BlackElo "2106"]

1.d4 Nf6 2.c4 e6 3.Nc3 Bb4 4.Qc2 O-O 5.e4 d5 6.e5 Ne4 7.Bd3 c5 8.Bxe4 dxe4
9.dxc5 Qd4 10.Ne2 Qxc4 11.O-O Nd7 12.Qxe4 Qxe4 13.Nxe4 Nxc5 14.Nxc5 Bxc5
15.Be3 Bxe3 16.fxe3 b6 17.Nc3 Ba6 18.Rfd1 Rfd8 19.Kf2 Kf8 20.Rd4 Ke7 21.Rad1 Rac8
22.Rxd8 Rxd8 23.Rd4 Bd3 24.Ke1 Rxd4 25.exd4 f5 26.Kd2 Bf1 27.g3 Kd7 28.Ke3 g5
29.d5 exd5 30.Nxd5 Bc4 31.Nf6+ Ke6 32.Kd4 Bxa2 33.Nxh7 g4 34.Nf6 Ke7 35.Nh5 Kd7
36.Nf4 Kc6 37.Ne2 a5 38.Nf4 Bb3 39.Ng6 Kd7 40.Nf8+ Ke7 41.Ng6+ Kd7 42.Nh4 Be6
43.Ng6 Bb3  1/2-1/2

[Event "4th Brno Open 2013"]
[Site "Brno CZE"]
[Date "2013.11.16"]
[Round "1.13"]
[White "Doskar,Miloslav"]
[Black "Kearns,C"]
[Result "0-1"]
[WhiteElo "1743"]
[BlackElo "2158"]

1.d4 Nf6 2.c4 e6 3.Nc3 Bb4 4.Qc2 O-O 5.a3 Bxc3+ 6.Qxc3 d5 7.e3 dxc4 8.Bxc4 b6
9.Ne2 Bb7 10.O-O Nbd7 11.Ng3 c5 12.Rd1 Qc7 13.b3 cxd4 14.Qxd4 Ne5 15.Qf4 Rac8
16.Bb2 Nxc4 17.Qxc7 Rxc7 18.Bxf6 gxf6 19.bxc4 Rfc8 20.Rac1 Kf8 21.f3 Ke7
22.Rd4 Ba6 23.Re4 Rc5 24.Kf2 f5 25.Rh4 b5 26.Rc3 bxc4 27.Nf1 Rd5 28.Rd4 Rxd4
29.exd4 f4 30.g3 Rd8 31.gxf4 Rxd4 32.Ke3 Rd1 33.Ke2 Ra1 34.Kf2 Ra2+ 35.Kg3 Rb2
36.Ne3 Rb3 37.Nd1 Rb1 38.Ne3 Rb3 39.Nd1 Kd6 40.Kf2 Kc5 41.Ke3 Rb8 42.h4 Bb5
43.Nf2 Kd5 44.Ne4 f5 45.Nf6+ Kd6 46.Nxh7 Rh8 47.Ng5 Rxh4 48.Nf7+ Kd5 49.Rc2 Rh1
50.Rd2+ Kc5 51.Ng5 c3 52.Rc2 Kc4 53.Nxe6 Re1+ 54.Re2 Rxe2+ 55.Kxe2 Kd5+ 56.Kd1 Ba4+  0-1

[Event "76th ch-CRC 2013"]
[Site "San Jose CRC"]
[Date "2013.11.16"]
[Round "2.3"]
[White "Maynard,F"]
[Black "Duran Vega,S"]
[Result "0-1"]
[WhiteElo "2159"]
[BlackElo "2267"]

1.d4 Nf6 2.c4 e6 3.Nc3 Bb4 4.Qc2 O-O 5.a3 Bxc3+ 6.Qxc3 b6 7.Nf3 Ne4 8.Qc2 Bb7
9.e3 d6 10.Bd3 f5 11.O-O Nd7 12.Nd2 Nxd2 13.Bxd2 c5 14.Rae1 Qf6 15.Bc3 Qg6
16.f3 Qf7 17.e4 cxd4 18.exf5 e5 19.Bb4 Qf6 20.Be4 Bxe4 21.fxe4 a5 22.Bd2 Rfc8
23.Qd3 Qf7 24.Rc1 Nc5 25.Qf3 Nd7 26.Qe2 Rc6 27.b4 axb4 28.Bxb4 Rac8 29.Qf3 b5
30.Bxd6 Rxd6 31.cxb5 Rxc1 32.Rxc1 d3 33.Qe3 d2 34.Rd1 Qc4 35.h3 Qc2 36.Qe2 Nb6
37.Kh2 Nc4 38.Qh5 g6 39.fxg6 hxg6 40.Qf3 Ne3 41.Qxe3 Qxd1 42.Qg5 Qf1 43.Qxe5 d1=Q  0-1

[Event "4th Brno Open 2013"]
[Site "Brno CZE"]
[Date "2013.11.18"]
[Round "4.7"]
[White "Ben Nathan,Y"]
[Black "Chudinovskikh,A"]
[Result "1/2-1/2"]
[WhiteElo "2084"]
[BlackElo "2334"]

1.d4 Nf6 2.c4 e6 3.Nc3 Bb4 4.Qc2 O-O 5.a3 Bxc3+ 6.Qxc3 d5 7.Bg5 c5 8.dxc5 d4
9.Qg3 Nc6 10.b4 e5 11.Nf3 Re8 12.Nd2 e4 13.Qd6 Bd7 14.g3 Re5 15.Bxf6 gxf6
16.Bg2 f5 17.O-O Re6 18.Qf4 Ne7 19.Nb3 Ba4 20.Rab1 Ng6 21.Qd2 Bxb3 22.Rxb3 Qf6
23.f4 Rd8 24.Rd1 h5 25.Qb2 Kh7 26.b5 Qe7 27.Rxd4 Qxc5 28.e3 Red6 29.Rxd6 Rxd6
30.Qe2 Kh6 31.Bf1 Nf8 32.a4 b6 33.Kf2 Nd7 34.Rb2 Nf6 35.h3 Qa3 36.Rd2 Rxd2
37.Qxd2 Qxa4 38.Qd4 Kg6 39.Be2 Qc2 40.Qd6 Qc1 41.Bxh5+ Kxh5 42.Qxf6 Qd2+
43.Kf1 Qd1+ 44.Kg2 Qf3+ 45.Kh2 Qf2+ 46.Kh1 Qf1+ 47.Kh2  1/2-1/2

[Event "Chennai GM Open 2013"]
[Site "Chennai IND"]
[Date "2013.11.19"]
[Round "6.1"]
[White "Vidit,S"]
[Black "Lalith,B"]
[Result "1-0"]
[WhiteElo "2582"]
[BlackElo "2570"]

1.d4 Nf6 2.c4 e6 3.Nc3 Bb4 4.Qc2 O-O 5.Nf3 Bxc3+ 6.Qxc3 b6 7.g3 Bb7 8.Bg2 d6
9.O-O Nbd7 10.b3 Qe7 11.Bb2 Ne4 12.Qc2 f5 13.d5 exd5 14.cxd5 Bxd5 15.Rad1 Bb7
16.Qxc7 Ba6 17.Ne5 Bxe2 18.Qxd7 Qxd7 19.Nxd7 Rfe8 20.f3 Bxd1 21.Rxd1 Ng5
22.f4 Ne4 23.Bh3 g6 24.Nf6+ Nxf6 25.Bxf6 Rac8 26.Rd2 Re1+ 27.Kf2 Rec1 28.Bb2 R1c2
29.Ke2 Kf7 30.Bg2 Rxd2+ 31.Kxd2 Ke6 32.Kd3 Rc7 33.Bc3 Re7 34.Bf3 Kd7 35.Bd5 Re8
36.a4 Kc7 37.h3 Rf8 38.Ke3 Re8+ 39.Kf3 Kd7 40.Bc4 Rc8 41.Bd4 Ke7 42.g4 d5
43.Bd3 Ke6 44.Bb2 h6 45.Ke3 Rg8 46.Kd4 fxg4 47.hxg4 h5 48.Bxg6 hxg4 49.f5+ Kf6
50.Ke3+ Kg5 51.Bf7 Rd8 52.Be6 d4+ 53.Bxd4 g3 54.Be5 g2 55.Bh2 Rd1 56.Kf2 Rd2+
57.Kg3 Kf6 58.Bg1 Ke5 59.Bf2  1-0

[Event "Chennai GM Open 2013"]
[Site "Chennai IND"]
[Date "2013.11.19"]
[Round "6.7"]
[White "Batsiashvili,N"]
[Black "Neverov,V"]
[Result "0-1"]
[WhiteElo "2425"]
[BlackElo "2508"]

1.d4 Nf6 2.c4 e6 3.Nc3 Bb4 4.Qc2 O-O 5.a3 Bxc3+ 6.Qxc3 d6 7.f3 c5 8.dxc5 dxc5
9.Bg5 Nc6 10.e3 e5 11.Bd3 h6 12.Bh4 Qa5 13.Ne2 Be6 14.O-O-O Qxc3+ 15.Nxc3 Na5
16.Bxf6 gxf6 17.Nd5 Kg7 18.Nc7 Rad8 19.Nxe6+ fxe6 20.Kc2 f5 21.b4 Nc6 22.Kc3 Kf6
23.bxc5 Nb8 24.Rb1  0-1

[Event "4th Brno Open 2013"]
[Site "Brno CZE"]
[Date "2013.11.20"]
[Round "6.1"]
[White "Piankov,E"]
[Black "Abdumalik,Z"]
[Result "1/2-1/2"]
[WhiteElo "2264"]
[BlackElo "2311"]

1.d4 Nf6 2.c4 e6 3.Nc3 Bb4 4.Qc2 O-O 5.Bg5 b6 6.a3 Bxc3+ 7.Qxc3 Bb7 8.Nf3 d6
9.g3 h6 10.Bxf6 Qxf6 11.Bg2 c5 12.O-O Nc6 13.Rfd1 Rfd8 14.Rd2 Rac8 15.Rad1 Na5
16.b3 d5 17.cxd5 Bxd5 18.b4 Bxf3 19.bxa5 Bxg2 20.Kxg2 cxd4 21.Qb4 e5 22.axb6 axb6
23.e3 dxe3 24.Rxd8+ Rxd8 25.Rxd8+ Qxd8 26.fxe3 Qd5+ 27.Kf2 Qc6 28.a4 f6 29.g4 Kf7
30.h4 Qe6 31.Qe4 h5 32.gxh5 f5 33.Qb7+ Kg8 34.Kg3 Kh7 35.Qb8 Qf6 36.Qe8 f4+
37.Kf3 fxe3+ 38.Kxe3 Qf4+ 39.Ke2 Qg4+ 40.Ke3 Qg1+ 41.Kf3 Qd1+ 42.Ke3 Qd4+
43.Ke2 Qe4+ 44.Kd2 Qf5 45.Ke3 Qh3+ 46.Ke2 Qg3 47.Kd2 Qf4+ 48.Ke2 Qe4+ 49.Kd2 Kh6
50.Qh8+ Qh7 51.Qd8 Qb1 52.Qh8+ Qh7 53.Qd8 Qb1 54.Qh8+  1/2-1/2

[Event "ch-VIE w 2013"]
[Site "Ho Chi Minh City VIE"]
[Date "2013.11.21"]
[Round "4.8"]
[White "Nguyen,Thi Thuy Trien"]
[Black "Nguyen,Thi Minh Thu"]
[Result "1-0"]
[WhiteElo "1938"]
[BlackElo "1658"]

1.d4 Nf6 2.c4 e6 3.Nc3 Bb4 4.Qc2 O-O 5.Bd2 b6 6.e3 Bb7 7.Nf3 d5 8.a3 Bxc3
9.Bxc3 Nbd7 10.b3 c6 11.Bd3 Qe7 12.Ne5 h6 13.h3 Rac8 14.g4 dxc4 15.bxc4 c5
16.Rg1 Rfd8 17.f4 cxd4 18.exd4 Ne8 19.Rg3 Nd6 20.g5 hxg5 21.Bb4 a5 22.Bd2 gxf4
23.Bxf4 Qh4 24.Qf2 Qf6 25.Ng4 Qe7 26.Nh6+ Kh8 27.Bxd6 Qe8 28.Nxf7+ Kg8 29.Rxg7+ Kxg7
30.Qg3+ Kf6 31.Qg5+ Kxf7 32.Qg6+  1-0

[Event "St Louis Classic GM 2013"]
[Site "Saint Louis USA"]
[Date "2013.11.21"]
[Round "1.5"]
[White "Bartholomew,J"]
[Black "Yang,Dar"]
[Result "1-0"]
[WhiteElo "2425"]
[BlackElo "2482"]

1.d4 Nf6 2.c4 e6 3.Nc3 Bb4 4.Qc2 O-O 5.Nf3 d6 6.g3 Nc6 7.Bg2 e5 8.d5 Ne7
9.O-O Bf5 10.e4 Bd7 11.Ne1 c6 12.Nd3 Bxc3 13.Qxc3 Rc8 14.Qb4 Qc7 15.c5 dxc5
16.Qxc5 cxd5 17.Qxe7 dxe4 18.Ne1 Rfe8 19.Qa3 Bb5 20.Bg5 Bxf1 21.Kxf1 Qc4+
22.Kg1 Ng4 23.h3 h6 24.hxg4 hxg5 25.Qe3 Qd4 26.Qe2 e3 27.fxe3 Qc4 28.Qxc4 Rxc4
29.Bd5 Rxg4 30.Kf2 Rb4 31.Nd3 Rb5 32.e4 g6 33.Ke3 Kg7 34.a4 Rb6 35.a5 Rd6
36.Bxb7 f5 37.Bd5 f4+ 38.Ke2 Kf6 39.b4 g4 40.b5 Rh8 41.gxf4 Rh2+ 42.Ke3 exf4+
43.Kxf4 g5+ 44.Kxg4 Rh4+ 45.Kg3 Rxd5 46.exd5 Rd4 47.Ra3 Rxd5 48.Rb3  1-0

[Event "St Louis Classic GM 2013"]
[Site "Saint Louis USA"]
[Date "2013.11.23"]
[Round "3.4"]
[White "Bartholomew,J"]
[Black "Priyadharshan,K"]
[Result "1/2-1/2"]
[WhiteElo "2425"]
[BlackElo "2402"]

1.d4 Nf6 2.c4 e6 3.Nc3 Bb4 4.Qc2 O-O 5.a3 Bxc3+ 6.Qxc3 b6 7.Bg5 Bb7 8.e3 d6
9.Nf3 Nbd7 10.Nd2 c5 11.dxc5 bxc5 12.Bd3 Ne5 13.Bc2 h6 14.Bh4 Ng6 15.Bxg6 fxg6
16.f3 g5 17.Bg3 g4 18.Bh4 Qe8 19.O-O-O gxf3 20.gxf3 Qh5 21.Bxf6 Rxf6 22.Rhg1 Raf8
23.Rg3 Qxh2 24.Rdg1 R8f7 25.b4 cxb4 26.axb4 Qh5 27.Kb2 e5 28.e4 Rc7 29.Qa3 a6
30.Qa5 Rd7 31.R1g2 Qe8 32.Qb6 Qf8 33.Qg1 d5 34.exd5 Qxb4+ 35.Nb3 Rff7 36.Qc5 Qe1
37.Qa5 Qe3 38.Qd2 Qf4 39.Qxf4 exf4 40.Rg6 Rc7 41.Nd2 Kf8 42.Rb6 Rf5 43.Re2 Bxd5
44.cxd5 Rxd5 45.Rxa6 Rb5+ 46.Nb3 Rcb7 47.Ra3 g5 48.Kc3 Rc7+ 49.Kd3 Kf7 50.Nd4 Rb6
51.Ra5 Rd7 52.Kc4 Kg6 53.Kc5 Rbd6 54.Re6+ Rxe6 55.Nxe6 Kf6 56.Nd4 Rc7+ 57.Kd6 Rc3
58.Ra6 g4 59.fxg4 Kg5 60.Kd5 f3 61.Ra8 Kxg4 62.Rg8+ Kh3 63.Rf8  1/2-1/2

[Event "TCh-CZE Vychod 2013-14"]
[Site "Czech Rep CZE"]
[Date "2013.11.24"]
[Round "3.1"]
[White "Biolek,R1"]
[Black "Klima,L"]
[Result "1-0"]
[WhiteElo "2404"]
[BlackElo "2342"]

1.d4 Nf6 2.c4 e6 3.Nc3 Bb4 4.Qc2 O-O 5.a3 Bxc3+ 6.Qxc3 b6 7.Bg5 Bb7 8.e3 d6
9.Ne2 Nbd7 10.Qc2 c5 11.Rd1 Rc8 12.Nc3 h6 13.Bh4 cxd4 14.Rxd4 Qe7 15.Be2 e5
16.Rd2 Qe6 17.O-O Rxc4 18.Bxc4 Qxc4 19.Qa4 Qe6 20.Bxf6 Nxf6 21.e4 Rc8 22.f3 d5
23.Qxa7 Qc6 24.exd5 Qc5+ 25.Rff2 Bxd5 26.Nxd5 Nxd5 27.Rc2 Qf8 28.Qb7 Rd8
29.Rcd2  1-0

[Event "5th Pilsen Open 2013"]
[Site "Plzen CZE"]
[Date "2013.11.24"]
[Round "1"]
[White "Pospisil,P"]
[Black "Ernst,M"]
[Result "0-1"]
[WhiteElo "1711"]
[BlackElo "2164"]

1.d4 Nf6 2.c4 e6 3.Nc3 Bb4 4.Qc2 O-O 5.Bg5 d6 6.Nf3 Nbd7 7.e3 b6 8.Bd3 h6
9.Bh4 Bb7 10.e4 Bxc3+ 11.bxc3 e5 12.O-O Re8 13.Rfe1 Qe7 14.Nd2 Qf8 15.Re3 Nh5
16.Bg3 g6 17.Be2 Nxg3 18.Rxg3 Qe7 19.d5 Kh7 20.Qd3 Qf6 21.Nb3 Rg8 22.Bg4 Nf8
23.Rf3 Qe7 24.Re1 Kg7 25.Rg3 a5 26.Qe3 Nh7 27.Nd2 Ba6 28.Rf1 Rae8 29.Be2 Nf6
30.Nb1 Qd7 31.Nd2 Qe7 32.Rb1 Nd7 33.Rh3 Qg5 34.Qxg5 hxg5 35.Rg3 f6 36.a3 Nc5
37.Bd1 Rb8 38.a4 Rh8 39.Bc2 Rh4 40.Re1 Rbh8 41.Nf3 R4h6 42.h3 Bxc4 43.Nd2 Ba6
44.c4 Bc8 45.Ree3 Bd7 46.Ra3 g4 47.Kh2 g5 48.Nf1 gxh3 49.gxh3 g4 50.Ne3 Rxh3+
51.Kg2 Rxg3+ 52.fxg3 Kg6 53.Kg1 Rh3 54.Ng2 Rh8 55.Nh4+ Kg5 56.Kg2 c6 57.Ra1 cxd5
58.cxd5 Rc8  0-1